000 00413nam a2200181Ia 4500
001 15567
005 20260306170205.0
008 260306t2004||||xx |||||||||||||| ||und||
041 _aESP
082 _a547
_bM12
100 _aMcMurry, John
_eAUT
245 0 _aQuímica orgánica
260 _c2004
300 _axvi, 1176 páginas :
_c26 cm.
650 _aGEN
654 _aCCN
942 _cLIB
_dJUS
_fJUS
_2ddc
_n
999 _c15567
_d15567